Statistics for Biggest Cities in New Mexico

Click here to take the quiz!

General Stats

  • This quiz has been taken 1,943 times
    (603 since last reset)
  • The average score is 9 of 20

Answer Stats

PopulationCountyCity% Correct
560,218BernalilloAlbuquerque
100%
84,612----- --Santa Fe
95%
102,926Doña AnaLas Cruces
82%
47,635ChavesRoswell
65%
98,023SandovalRio Rancho
53%
44,788San JuanFarmington
53%
21,929McKinleyGallup
44%
29,331EddyCarlsbad
42%
31,701OteroAlamogordo
40%
13,107San MiguelLas Vegas
40%
38,680CurryClovis
36%
38,277LeaHobbs
33%
15,835ValenciaLos Lunas
30%
10,105SandovalBernalillo
27%
14,099LunaDeming
26%
11,754RooseveltPortales
25%
12,268EddyArtesia
23%
10,050Rio ArribaEspañola
20%
11,288LeaLovington
15%
17,639Doña AnaSunland Park
9%

Score Distribution

Percentile by Number Answered

Percent of People with Each Score

Your Score History

You have not taken this quiz since the last reset